=LDR 00000nam 2200000 4500 =001 INLIS000000000036657 =005 20130612142430 =008 ***********************************Ind** =035 ##$$0010-061300000036657 =041 ##$$a Ind =082 ##$$a 813.83 =090 ##$$a 813.83, Mun g =100 ##$$a Munzir, Izharry Agunwijaya =245 ##$$a Gelas gelas kaca, tribute to Rinto Harahap, Izharry Aguwijya Munzir =260 ##$$a 2011 $b Jakarta =300 ##$$a 318 hlm, 23 cm =650 ##$$a Fiksi Indonesia =850 ##$$a NBPNMAT =990 ##$$a 21400613/BPAP-NTB/20142014 =990 ##$$a 0001/BPAP-NTB/2016 =990 ##$$a 17211721 =990 ##$$a 21400613/BPAP-NTB/20142014 =990 ##$$a 0001/BPAP-NTB/2016 =990 ##$$a 01201801721